[Event "Junior Online 4NCL Division 1"]
[Site "online"]
[Date "2020.10.15"]
[Round "5.136"]
[White "Kumar, Sanjit S"]
[Black "Jackson, Edward"]
[Result "0-1"]
[WhiteElo "1825"]
[BlackElo "1810"]
[PlyCount "86"]
[EventDate "2020.10.15"]
[WhiteTeam "KCJS 1"]
[BlackTeam "Manchester Juniors A"]

1. e4 c6 2. d4 d5 3. e5 Bf5 4. h4 h5 5. Nf3 e6 6. Bd3 Ne7 7. Bg5 Bxd3 8. Qxd3
Qa5+ 9. Nbd2 Qa6 10. Qxa6 Nxa6 11. c3 Nf5 12. Ke2 c5 13. Nb3 Rc8 14. Rac1 Be7
15. Bxe7 Kxe7 16. g3 b6 17. Rhd1 Rb8 18. Kf1 Rhc8 19. Ke2 c4 20. Nbd2 b5 21.
Nf1 b4 22. Ne3 Nxe3 23. Kxe3 bxc3 24. bxc3 Rb2 25. Rd2 Rcb8 26. Rxb2 Rxb2 27.
Ra1 Rc2 28. Nd2 Rxc3+ 29. Ke2 Rc2 30. Kd1 Rb2 31. Kc1 Rb6 32. Kc2 Nb4+ 33. Kd1
Nd3 34. Ke2 Rb2 35. f4 Nb4 36. a3 Nc2 37. Rc1 Nxd4+ 38. Ke3 Rxd2 39. Kxd2 Nb3+
40. Kc2 Nxc1 41. Kxc1 Kd7 42. Kc2 Kc6 43. Kc3 Kc5 0-1

[Event "Junior Online 4NCL Division 1"]
[Site "online"]
[Date "2020.10.15"]
[Round "5.138"]
[White "Patel, Sen"]
[Black "Jayawarna, Tarini"]
[Result "0-1"]
[WhiteElo "1615"]
[BlackElo "1660"]
[PlyCount "44"]
[EventDate "2020.10.15"]
[WhiteTeam "KCJS 1"]
[BlackTeam "Manchester Juniors A"]

1. e4 e6 2. d4 d5 3. exd5 exd5 4. c4 Nc6 5. Nf3 Be6 6. cxd5 Bb4+ 7. Nc3 Bxd5 8.
Bb5 Nge7 9. O-O Bxf3 10. Qxf3 Qxd4 11. Bxc6+ Nxc6 12. Re1+ Ne7 13. Qxb7 O-O 14.
Be3 Qg4 15. Qxc7 Bxc3 16. bxc3 Nd5 17. Qb7 Nxc3 18. Bxa7 Ne2+ 19. Kf1 Nf4 20.
Be3 Rab8 21. Qe4 Rb4 22. Qxb4 Qxg2# 0-1

[Event "Junior Online 4NCL Division 1"]
[Site "online"]
[Date "2020.10.15"]
[Round "5.141"]
[White "Maladkar, Lavanya"]
[Black "Dupuis, Denis K"]
[Result "0-1"]
[WhiteElo "1735"]
[BlackElo "1997"]
[PlyCount "90"]
[EventDate "2020.10.15"]
[WhiteTeam "Maid Marians 1"]
[BlackTeam "The Numerators"]

1. d4 d5 2. c4 e6 3. Nc3 Nf6 4. Nf3 c6 5. Bg5 Nbd7 6. e3 Qa5 7. Qd2 Bb4 8. Bd3
Ne4 9. Bxe4 dxe4 10. Ne5 Nb6 11. c5 Nd5 12. Nc4 Qa6 13. Nd6+ Kf8 14. Ndxe4 f6
15. Bf4 Bxc3 16. Bd6+ Kf7 17. Nxc3 Nxc3 18. Qxc3 Re8 19. b3 b5 20. Qd3 Kg8 21.
O-O b4 22. Qd2 Qb7 23. a4 a5 24. f4 Qf7 25. Rf3 Ba6 26. e4 Rad8 27. e5 f5 28.
Rg3 Rd7 29. Kf2 Qh5 30. Rh1 Kh8 31. Rg5 Qh4+ 32. g3 Qh3 33. Kf3 h6 34. Qg2
Qxg2+ 35. Kxg2 hxg5 36. fxg5 Bd3 37. Kf2 Bc2 38. h4 g6 39. Ke3 Bxb3 40. Ra1 Bd5
41. Kf4 Rb7 42. Ke3 b3 43. Rb1 Rb4 44. Rb2 Rxa4 45. Kd3 Ra2 0-1

[Event "Junior Online 4NCL Division 1"]
[Site "online"]
[Date "2020.10.15"]
[Round "5.142"]
[White "Verma, Shlok"]
[Black "Wang, Susie"]
[Result "0-1"]
[WhiteElo "1900"]
[BlackElo "1765"]
[PlyCount "84"]
[EventDate "2020.10.15"]
[WhiteTeam "The Numerators"]
[BlackTeam "Maid Marians 1"]

1. d4 Nf6 2. c4 c5 3. d5 e6 4. Nc3 exd5 5. cxd5 d6 6. e4 g6 7. Nge2 Bg7 8. Ng3
a6 9. a4 O-O 10. Bd3 Re8 11. O-O Ng4 12. h3 Ne5 13. Bf4 Nxd3 14. Qxd3 Qf6 15.
Bd2 Nd7 16. f4 Qd4+ 17. Qxd4 cxd4 18. Nce2 Nc5 19. Bb4 Nxe4 20. Nxe4 Rxe4 21.
Ng3 Re3 22. Kh2 Rb3 23. Bxd6 Rxb2 24. Rae1 Bd7 25. f5 Re8 26. Rxe8+ Bxe8 27.
Re1 Bxa4 28. Ne4 gxf5 29. Nc5 Bb5 30. Nxb7 Bf6 31. Nc5 d3 32. Nxd3 Bxd3 33. Bf4
Be4 34. Rg1 Bxd5 35. Bc1 Rc2 36. Be3 Be5+ 37. Kh1 a5 38. Rd1 Bxg2+ 39. Kg1 Be4
40. Bh6 Bh2+ 41. Kf1 Bg2+ 42. Ke1 Bg3# 0-1

[Event "Junior Online 4NCL Division 1"]
[Site "online"]
[Date "2020.10.15"]
[Round "5.143"]
[White "Maladkar, Ritika"]
[Black "Agrawal, Shivam"]
[Result "1-0"]
[WhiteElo "1772"]
[BlackElo "1825"]
[PlyCount "71"]
[EventDate "2020.10.15"]
[WhiteTeam "Maid Marians 1"]
[BlackTeam "The Numerators"]

1. c4 c5 2. Nc3 Nf6 3. g3 b6 4. Bg2 Nc6 5. e3 Bb7 6. Nge2 e6 7. O-O d5 8. b3 g6
9. d4 Bg7 10. Bb2 cxd4 11. exd4 Ne7 12. Qd2 O-O 13. Rac1 Rc8 14. Ba3 Qd7 15.
Nb5 Ba8 16. Nd6 Rc6 17. c5 Nf5 18. Nxf5 gxf5 19. cxb6 axb6 20. Bxf8 Kxf8 21.
Rxc6 Bxc6 22. Qb4+ Kg8 23. Qxb6 h5 24. Rc1 Bb5 25. Nc3 Bd3 26. a4 Ne4 27. Nxe4
dxe4 28. Rc7 Qxd4 29. Qxd4 Bxd4 30. Bf1 Kf8 31. Bxd3 exd3 32. Rd7 e5 33. Kf1
Ke8 34. Rxd4 exd4 35. Ke1 Kd7 36. Kd2 1-0

[Event "Junior Online 4NCL Division 1"]
[Site "online"]
[Date "2020.10.15"]
[Round "5.144"]
[White "Chaban, Roxolana"]
[Black "Arlachova, Alexandra"]
[Result "0-1"]
[WhiteElo "1675"]
[BlackElo "1450"]
[PlyCount "48"]
[EventDate "2020.10.15"]
[WhiteTeam "The Numerators"]
[BlackTeam "Maid Marians 1"]

1. e4 e5 2. Nf3 Nc6 3. Bc4 Nf6 4. d4 exd4 5. e5 d5 6. Bb5 Nd7 7. Bxc6 bxc6 8.
Nxd4 Nxe5 9. O-O Bc5 10. Re1 Qf6 11. Nc3 O-O 12. Nce2 Bg4 13. Be3 Nc4 14. b3
Nxe3 15. fxe3 Bxe2 16. Rxe2 Rfe8 17. Rf2 Qe5 18. Qd2 Qxe3 19. Qxe3 Rxe3 20. Rd2
Rae8 21. Rad1 R8e4 22. Kh1 Bxd4 23. Rxd4 Re1+ 24. Rxe1 Rxe1# 0-1

[Event "Junior Online 4NCL Division 1"]
[Site "online"]
[Date "2020.10.15"]
[Round "5.145"]
[White "Dupuis, Denis K"]
[Black "Maladkar, Lavanya"]
[Result "0-1"]
[WhiteElo "1997"]
[BlackElo "1735"]
[PlyCount "84"]
[EventDate "2020.10.15"]
[WhiteTeam "The Numerators"]
[BlackTeam "Maid Marians 1"]

1. e4 c5 2. Nc3 d6 3. f4 Nc6 4. Nf3 Nf6 5. Bc4 g6 6. O-O Bg7 7. Qe1 O-O 8. Qh4
a6 9. a3 b5 10. Ba2 b4 11. axb4 cxb4 12. Ne2 Nxe4 13. Bd5 Qb6+ 14. Kh1 Nf6 15.
Bxc6 Qxc6 16. Ned4 Qc7 17. d3 Bb7 18. f5 Bxf3 19. Rxf3 Nd5 20. Bh6 Bf6 21. Qe4
Nc3 22. Qg4 Rfc8 23. fxg6 hxg6 24. bxc3 Qxc3 25. Raf1 Qxd4 26. Rf4 Qe5 27. Re4
Qh5 28. Qg3 Rxc2 29. Rxb4 Qxh6 30. Qf3 Rac8 31. Rbb1 Rc1 32. h3 Rxb1 33. Rxb1
Rc1+ 34. Rxc1 Qxc1+ 35. Kh2 Be5+ 36. g3 Qd2+ 37. Kh1 Qe1+ 38. Kg2 Kg7 39. g4 a5
40. h4 Qxh4 41. Qe4 Qh2+ 42. Kf1 Qf4+ 0-1

[Event "Junior Online 4NCL Division 1"]
[Site "online"]
[Date "2020.10.15"]
[Round "5.146"]
[White "Wang, Susie"]
[Black "Verma, Shlok"]
[Result "0-1"]
[WhiteElo "1765"]
[BlackElo "1900"]
[PlyCount "82"]
[EventDate "2020.10.15"]
[WhiteTeam "Maid Marians 1"]
[BlackTeam "The Numerators"]

1. e4 e6 2. d4 d5 3. Nc3 dxe4 4. Nxe4 Nd7 5. Nf3 Ngf6 6. Bd3 Be7 7. O-O O-O 8.
Re1 b6 9. c4 Bb7 10. Bf4 c6 11. Rc1 c5 12. Bd6 Nxe4 13. Bxe7 Qxe7 14. Bxe4 Bxe4
15. Rxe4 cxd4 16. Nxd4 Nc5 17. Re3 Rfd8 18. Qg4 Qf6 19. Nc6 Rd2 20. Rf1 Qxb2
21. Rg3 Nd3 22. Nd4 g6 23. Qe4 Rd8 24. Rxd3 Rxd3 25. Qxd3 Qxd4 26. Qxd4 Rxd4
27. Rc1 Rd2 28. a4 Ra2 29. Kf1 Rxa4 30. c5 bxc5 31. Rxc5 Ra2 32. g3 a5 33. Kg2
a4 34. Ra5 a3 35. Kf3 Ra1 36. h4 a2 37. Kg4 h5+ 38. Kg5 Kg7 39. Kf4 Kf6 40. f3
e5+ 41. Rxe5 Rd1 0-1

[Event "Junior Online 4NCL Division 1"]
[Site "online"]
[Date "2020.10.15"]
[Round "5.147"]
[White "Agrawal, Shivam"]
[Black "Maladkar, Ritika"]
[Result "1-0"]
[WhiteElo "1825"]
[BlackElo "1772"]
[PlyCount "88"]
[EventDate "2020.10.15"]
[WhiteTeam "The Numerators"]
[BlackTeam "Maid Marians 1"]

1. d4 Nf6 2. c4 g6 3. Nc3 Bg7 4. e4 d6 5. Nf3 Nbd7 6. h3 O-O 7. Be3 b6 8. Bd3
c5 9. d5 Rb8 10. Qd2 Bb7 11. Bh6 Re8 12. Bxg7 Kxg7 13. O-O Ba6 14. Rfe1 Ne5 15.
Nxe5 dxe5 16. f4 exf4 17. Qxf4 e5 18. Qf2 Nh5 19. Re3 Nf4 20. b3 Bc8 21. Rf1
Rb7 22. Ne2 Nxe2+ 23. Bxe2 Qd6 24. Bg4 Bxg4 25. hxg4 Rf8 26. Rf3 b5 27. Rf6 Qe7
28. g5 h6 29. gxh6+ Kxh6 30. g4 Rb6 31. Rxf7 Rxf7 32. Qxf7 Qxf7 33. Rxf7 bxc4
34. bxc4 Rb1+ 35. Rf1 Rb2 36. Rf2 Rb1+ 37. Kg2 Rc1 38. Kf3 Rxc4 39. Rd2 Rd4 40.
Rxd4 cxd4 41. d6 d3 42. d7 d2 43. d8=Q d1=Q+ 44. Qxd1 Kg5 1-0

[Event "Junior Online 4NCL Division 1"]
[Site "online"]
[Date "2020.10.15"]
[Round "5.148"]
[White "Arlachova, Alexandra"]
[Black "Chaban, Roxolana"]
[Result "0-1"]
[WhiteElo "1450"]
[BlackElo "1675"]
[PlyCount "80"]
[EventDate "2020.10.15"]
[WhiteTeam "Maid Marians 1"]
[BlackTeam "The Numerators"]

1. e4 c5 2. c3 d5 3. exd5 Qxd5 4. d4 Nf6 5. Nf3 Nc6 6. Nbd2 cxd4 7. Bc4 Qd8 8.
cxd4 Nxd4 9. Nb3 Nxf3+ 10. Qxf3 Qc7 11. Bb5+ Bd7 12. Bxd7+ Qxd7 13. O-O e6 14.
Bg5 Be7 15. Bxf6 Bxf6 16. Nc5 Qe7 17. Nxb7 Rb8 18. Qc6+ Kf8 19. Nd6 g6 20. Nc8
Qb7 21. Qxb7 Rxb7 22. Nd6 Rxb2 23. Rac1 Rxa2 24. Rc7 Be7 25. Rc8+ Kg7 26. Rxh8
Kxh8 27. Nxf7+ Kg7 28. Ne5 Bd6 29. Nc4 Bc5 30. g3 a5 31. h4 a4 32. g4 a3 33. h5
gxh5 34. gxh5 Rc2 35. Ne3 Bxe3 36. fxe3 Re2 37. Ra1 Rxe3 38. Kf2 Rh3 39. h6+
Kxh6 40. Kg2 Rd3 0-1

[Event "Junior Online 4NCL Division 1"]
[Site "online"]
[Date "2020.10.15"]
[Round "5.151"]
[White "Chopra, Tanmay"]
[Black "Sieczkowski, Adam"]
[Result "1-0"]
[WhiteElo "2387"]
[BlackElo "2020"]
[PlyCount "77"]
[EventDate "2020.10.15"]
[WhiteTeam "Harrow Juniors A"]
[BlackTeam "Ojays A"]

1. d4 Nf6 2. c4 g6 3. Nc3 d5 4. Nxd5 Nxd5 5. cxd5 Qxd5 6. Nf3 Bg7 7. e3 O-O 8.
Be2 c5 9. dxc5 Qxc5 10. O-O Nc6 11. a3 Rd8 12. Qa4 Bf5 13. b4 Qd5 14. Bd2 Bxa1
15. Rxa1 Ne5 16. Nd4 Be4 17. f3 Bd3 18. Bxd3 Nxd3 19. Qc2 Ne5 20. Rc1 Nc6 21.
Nxc6 bxc6 22. Bc3 Rac8 23. Qf2 c5 24. e4 Qb3 25. bxc5 Rd1+ 26. Rxd1 Qxd1+ 27.
Be1 Rxc5 28. Kf1 Rc2 29. Qe3 Ra2 30. h4 Qc2 31. Bf2 a5 32. Kg1 a4 33. Qd4 Qb1+
34. Kh2 Qf1 35. Qd8+ Kg7 36. Bd4+ Kh6 37. Be3+ Kh5 38. Qd5+ f5 39. Qxa2 1-0

[Event "Junior Online 4NCL Division 1"]
[Site "online"]
[Date "2020.10.15"]
[Round "5.152"]
[White "Zhu, Hou Ning"]
[Black "Chopra, Manmay"]
[Result "0-1"]
[WhiteElo "1930"]
[BlackElo "1922"]
[PlyCount "84"]
[EventDate "2020.10.15"]
[WhiteTeam "Ojays A"]
[BlackTeam "Harrow Juniors A"]

1. c4 e6 2. g3 c5 3. Bg2 Nc6 4. Nc3 Nf6 5. Nf3 d5 6. cxd5 exd5 7. d4 cxd4 8.
Nxd4 Bc5 9. Nb3 Bb4 10. O-O Bxc3 11. bxc3 Be6 12. Ba3 Ne7 13. Nc5 b6 14. Nb7
Qd7 15. Nd6+ Kf8 16. f4 g6 17. e4 dxe4 18. Qd4 Kg7 19. Nxe4 Qxd4+ 20. cxd4 Nxe4
21. Rfe1 Nf5 22. Bxe4 Rad8 23. Bb2 Bd5 24. Bxf5 gxf5 25. Re5 Rhe8 26. Rxf5 Re2
27. Bc3 Rg2+ 28. Kf1 Rxh2 29. a3 Rc2 30. Be1 Bc4+ 31. Kg1 Rxd4 32. Rg5+ Kf6 33.
Bb4 Re4 34. Rd1 Ree2 35. Rd6+ Be6 36. Kf1 h6 37. Rh5 Kg6 38. Rb5 Kh7 39. Re5
Rh2 40. Kg1 Rcg2+ 41. Kf1 Bc4+ 42. Ke1 Rh1# 0-1

[Event "Junior Online 4NCL Division 1"]
[Site "online"]
[Date "2020.10.15"]
[Round "5.153"]
[White "Balasundaram, Sivasatyan"]
[Black "Hobson, Kenneth"]
[Result "1-0"]
[WhiteElo "1780"]
[BlackElo "1832"]
[PlyCount "87"]
[EventDate "2020.10.15"]
[WhiteTeam "Harrow Juniors A"]
[BlackTeam "Ojays A"]

1. d4 Nf6 2. c4 e6 3. Nc3 Bb4 4. Nf3 b6 5. Bg5 h6 6. Bh4 Bb7 7. e3 d6 8. Bd3
Nbd7 9. O-O c5 10. a3 Bxc3 11. bxc3 O-O 12. Re1 e5 13. e4 Qc7 14. d5 a6 15. Rb1
b5 16. cxb5 axb5 17. Bxb5 Rxa3 18. c4 Rfa8 19. Bxd7 Nxd7 20. Rb3 Rxb3 21. Qxb3
Qb6 22. Qc2 Nf8 23. h3 Ng6 24. Bg3 Ba6 25. Rb1 Qc7 26. Qb3 Ne7 27. Nh4 Kh7 28.
f3 Ra7 29. Qa4 Rb7 30. Rxb7 Qxb7 31. Qe8 Ng6 32. Nxg6 Kxg6 33. Qd8 f6 34. Qxd6
Qb4 35. Qxa6 Qb3 36. Qb5 Qd1+ 37. Kh2 Qd4 38. Qe8+ Kh7 39. Qa4 Kg6 40. Be1 Qd1
41. Qxd1 Kg5 42. Bf2 g6 43. h4+ Kf4 44. g3# 1-0

[Event "Junior Online 4NCL Division 1"]
[Site "online"]
[Date "2020.10.15"]
[Round "5.155"]
[White "Sieczkowski, Adam"]
[Black "Chopra, Tanmay"]
[Result "0-1"]
[WhiteElo "2020"]
[BlackElo "2387"]
[PlyCount "88"]
[EventDate "2020.10.15"]
[WhiteTeam "Ojays A"]
[BlackTeam "Harrow Juniors A"]

1. Nf3 c5 2. c4 Nc6 3. d4 cxd4 4. Nxd4 g6 5. Nc3 Bg7 6. e3 Nf6 7. Be2 O-O 8.
O-O d6 9. a3 Bd7 10. Rb1 Rc8 11. b4 Ne5 12. Qb3 Qc7 13. Ncb5 Qb8 14. Bb2 a6 15.
Nc3 h5 16. h3 b6 17. f4 Nc6 18. Nd5 Nxd5 19. Nxc6 Bxc6 20. Bxg7 Kxg7 21. cxd5
Bb5 22. Bxb5 axb5 23. Qb2+ Kh7 24. f5 Qc7 25. Rbc1 Qd7 26. Rxc8 Qxc8 27. Qd4
Qc4 28. fxg6+ Kxg6 29. Qb2 Qxd5 30. Rf3 Qe5 31. Qf2 f6 32. Rg3+ Kf7 33. Qa2+ d5
34. Rf3 Rc8 35. Qb1 Qe4 36. Qxe4 dxe4 37. Rf5 e5 38. Rxh5 Rc3 39. Rh7+ Kg6 40.
Rb7 Rxe3 41. Rxb6 Rxa3 42. Rxb5 e3 43. Rd5 Ra1+ 44. Kh2 e2 0-1

[Event "Junior Online 4NCL Division 1"]
[Site "online"]
[Date "2020.10.15"]
[Round "5.156"]
[White "Chopra, Manmay"]
[Black "Zhu, Hou Ning"]
[Result "0-1"]
[WhiteElo "1922"]
[BlackElo "1930"]
[PlyCount "138"]
[EventDate "2020.10.15"]
[WhiteTeam "Harrow Juniors A"]
[BlackTeam "Ojays A"]

1. e4 c5 2. Nf3 g6 3. c4 Bg7 4. d4 cxd4 5. Nxd4 Nc6 6. Be3 Nf6 7. Nc3 O-O 8.
Be2 d6 9. O-O Nxd4 10. Bxd4 Bd7 11. f3 a5 12. Rc1 Bc6 13. Nd5 Nd7 14. Bxg7 Kxg7
15. Qd4+ Kg8 16. f4 Bxd5 17. exd5 Qb6 18. Qxb6 Nxb6 19. b3 Rfc8 20. g4 Rc5 21.
Rf3 Nxd5 22. Rcf1 Nf6 23. Re3 Re8 24. Bf3 Rc7 25. Rd1 Kf8 26. h4 Nd7 27. Rd5
Rc5 28. Rd2 b6 29. Be4 Nf6 30. Bf3 h5 31. gxh5 Nxh5 32. Bxh5 Rxh5 33. Rh3 Kg7
34. Kg2 Reh8 35. Kg3 f6 36. Rdh2 Kf7 37. Kg4 b5 38. cxb5 Rxb5 39. Rc2 Rbh5 40.
Rcc3 Rd8 41. Rcd3 Rc8 42. Rc3 Rxc3 43. Rxc3 Rc5 44. Rd3 Rc2 45. a3 Ra2 46. a4
Rc2 47. Rd5 Rc5 48. Rd3 Ke6 49. Re3+ Kd7 50. Rf3 e6 51. Re3 Rf5 52. Rd3 Rc5 53.
Rg3 Ke7 54. Rd3 d5 55. Rd4 e5 56. fxe5 fxe5 57. Rd2 d4 58. Kg5 Rc6 59. Re2 Re6
60. Rd2 Kd6 61. Kg4 Kd5 62. Kf3 e4+ 63. Ke2 Rf6 64. Rd1 d3+ 65. Kd2 Kd4 66. Rg1
e3+ 67. Ke1 d2+ 68. Ke2 Rf2+ 69. Kd1 Kd3 0-1

[Event "Junior Online 4NCL Division 1"]
[Site "online"]
[Date "2020.10.15"]
[Round "5.157"]
[White "Hobson, Kenneth"]
[Black "Balasundaram, Sivasatyan"]
[Result "1-0"]
[WhiteElo "1832"]
[BlackElo "1780"]
[PlyCount "39"]
[EventDate "2020.10.15"]
[WhiteTeam "Ojays A"]
[BlackTeam "Harrow Juniors A"]

1. e4 c5 2. d4 cxd4 3. c3 d5 4. exd5 Qxd5 5. cxd4 Nc6 6. Nf3 Bg4 7. Be2 e6 8.
O-O Nf6 9. Nc3 Qa5 10. Bf4 Be7 11. Rc1 O-O 12. a3 Rfd8 13. Be3 Rac8 14. Nd2
Bxe2 15. Qxe2 Nxd4 16. Bxd4 Rxd4 17. Nb3 Qb6 18. Nxd4 Qxd4 19. Rfd1 Qb6 20. Nd5
1-0

[Event "Junior Online 4NCL Division 1"]
[Site "online"]
[Date "2020.10.15"]
[Round "5.161"]
[White "Ratnesan, Radha"]
[Black "Pirgon, Joshua"]
[Result "0-1"]
[WhiteElo "1705"]
[BlackElo "1637"]
[PlyCount "144"]
[EventDate "2020.10.15"]
[WhiteTeam "KJCA Young Kestrels C"]
[BlackTeam "Surbiton Juniors A"]

1. d4 Nf6 2. c4 e5 3. d5 Bc5 4. Bg5 Bxf2+ 5. Kxf2 Ng4+ 6. Ke1 Qxg5 7. Nh3 Qf6
8. e4 d6 9. Qe2 O-O 10. Nc3 c6 11. Kd2 Nh6 12. Nf2 Qg5+ 13. Kc2 f5 14. Re1 Na6
15. a3 fxe4 16. Nfxe4 Bf5 17. h4 Qf4 18. Qe3 cxd5 19. Qxf4 exf4 20. cxd5 Rac8
21. Kd2 Rfd8 22. Bxa6 bxa6 23. Rhf1 Bxe4 24. Rxe4 Rb8 25. b4 a5 26. Rfxf4 Nf7
27. Re2 axb4 28. Rxb4 Rxb4 29. axb4 Ne5 30. Re4 Rf8 31. Ke2 Rc8 32. Kd2 a6 33.
Na4 Kf7 34. Nb6 Rb8 35. Nc4 Nxc4+ 36. Rxc4 Kf6 37. Kd3 Ke5 38. Rd4 a5 39. b5
Rxb5 40. Ra4 Rxd5+ 41. Ke3 Rc5 42. g4 Rc3+ 43. Kf2 Rc5 44. Ke3 d5 45. Kd3 h6
46. h5 Kf6 47. Rf4+ Kg5 48. Ra4 Rc4 49. Rxa5 Kxg4 50. Rxd5 Rc7 51. Ke4 Re7+ 52.
Kd4 Rf7 53. Ke3 Rf5 54. Rd7 Rg5 55. Rd4+ Kxh5 56. Kf3 Rf5+ 57. Kg3 g5 58. Rg4
Ra5 59. Re4 Ra3+ 60. Kg2 g4 61. Re5+ Kh4 62. Re6 h5 63. Re2 Rd3 64. Kh2 g3+ 65.
Kg2 Rd4 66. Kg1 Kg4 67. Kg2 h4 68. Kg1 h3 69. Kf1 Rd1+ 70. Re1 Rxe1+ 71. Kxe1
Kf3 72. Kf1 h2 0-1

[Event "Junior Online 4NCL Division 1"]
[Site "online"]
[Date "2020.10.15"]
[Round "5.162"]
[White "Morrison, Joseph"]
[Black "Sanka, Amit Aryan"]
[Result "1-0"]
[WhiteElo "1532"]
[BlackElo "1682"]
[PlyCount "149"]
[EventDate "2020.10.15"]
[WhiteTeam "Surbiton Juniors A"]
[BlackTeam "KJCA Young Kestrels C"]

1. e4 e6 2. d4 c5 3. Nf3 Nc6 4. c3 cxd4 5. cxd4 d5 6. exd5 exd5 7. Nc3 Nf6 8.
Bg5 Bg4 9. Bxf6 Bxf3 10. Qxf3 gxf6 11. O-O-O Bh6+ 12. Kb1 Qd6 13. Qxd5 Qxd5 14.
Nxd5 O-O-O 15. Nxf6 Bg7 16. Ne4 Bxd4 17. Bc4 f5 18. Ng3 Bxf2 19. Nxf5 Rhf8 20.
Nd6+ Kb8 21. Ne4 Bb6 22. Ng5 Rh8 23. Bd5 Rc8 24. Rhe1 h6 25. Nf7 Rh7 26. Nd6
Rd8 27. Bxc6 bxc6 28. Nc4 Rhd7 29. Rxd7 Rxd7 30. Nxb6 axb6 31. Re6 Rd1+ 32. Kc2
Rg1 33. Re2 Rh1 34. g3 Rf1 35. Kd3 Rd1+ 36. Rd2 Rb1 37. Ke4 Re1+ 38. Kf5 Re8
39. Rd6 Re2 40. Rxh6 Rxb2 41. Rxc6 Rxh2 42. Rxb6+ Ka7 43. Rb4 Rxa2 44. g4 Ra5+
45. Kf4 Rd5 46. g5 Rd1 47. Kf5 Rf1+ 48. Kg6 Ka6 49. Kg7 Rg1 50. g6 Ka5 51. Rb7
Ka6 52. Rb2 Rd1 53. Rf2 Rd7+ 54. Rf7 Rd8 55. Kh7 Kb6 56. g7 Rd1 57. g8=Q Rh1+
58. Kg7 Rg1+ 59. Kf8 Rxg8+ 60. Kxg8 Kc6 61. Kf8 Kd6 62. Re7 Kc6 63. Ke8 Kd6 64.
Kf7 Kc6 65. Re5 Kd6 66. Kf6 Kd7 67. Re6 Kc7 68. Ke5 Kd7 69. Rh6 Ke7 70. Rh7+
Kf8 71. Ke6 Kg8 72. Ra7 Kf8 73. Rb7 Kg8 74. Kf6 Kf8 75. Rb8# 1-0

[Event "Junior Online 4NCL Division 1"]
[Site "online"]
[Date "2020.10.15"]
[Round "5.163"]
[White "Wang, Yong Gui"]
[Black "Sturge, Sam"]
[Result "1-0"]
[WhiteElo "1592"]
[BlackElo "1607"]
[PlyCount "89"]
[EventDate "2020.10.15"]
[WhiteTeam "KJCA Young Kestrels C"]
[BlackTeam "Surbiton Juniors A"]

1. d4 e6 2. Nf3 d5 3. g3 c5 4. Bg2 Nc6 5. O-O Nf6 6. c3 Bd6 7. a3 cxd4 8. cxd4
b6 9. Nc3 Bb7 10. Bd2 O-O 11. Rc1 Ne7 12. Bg5 Ng6 13. Nb5 Bb8 14. Re1 h6 15.
Bd2 a6 16. Nc3 b5 17. b4 Ba7 18. a4 bxa4 19. Nxa4 Ne4 20. Nc5 Qe7 21. Be3 Rfc8
22. Nd2 Nxd2 23. Qxd2 Rc7 24. Qd3 Bxc5 25. dxc5 Bc6 26. Qc3 Bb5 27. Bd4 f6 28.
e4 e5 29. exd5 Qf7 30. Be3 Rd8 31. d6 Rcc8 32. Red1 Bc6 33. Bf1 Qb7 34. Qc2
Qxb4 35. Qxg6 Qb7 36. Rb1 Qa8 37. Ra1 Bf3 38. Rd2 Be4 39. Qg4 Bf3 40. Qc4+ Kh7
41. Rxa6 Qb7 42. Rb6 Qd7 43. Bg2 Bxg2 44. Kxg2 Rc6 45. Qe4+ 1-0

[Event "Junior Online 4NCL Division 1"]
[Site "online"]
[Date "2020.10.15"]
[Round "5.164"]
[White "Jonikas, Augustas"]
[Black "Sagar, Aneesh"]
[Result "0-1"]
[WhiteElo "1547"]
[BlackElo "1667"]
[PlyCount "96"]
[EventDate "2020.10.15"]
[WhiteTeam "Surbiton Juniors A"]
[BlackTeam "KJCA Young Kestrels C"]

1. e4 e5 2. Nf3 Nc6 3. Bc4 Bc5 4. c3 d6 5. d4 exd4 6. cxd4 Bb4+ 7. Nc3 Nf6 8.
O-O O-O 9. Re1 Bg4 10. h3 Bh5 11. d5 Ne5 12. Be2 Bc5 13. Nxe5 Bxe2 14. Nxf7
Bxd1 15. Nxd8 Raxd8 16. Rxd1 Rde8 17. Re1 Nxd5 18. Re2 Nxc3 19. bxc3 Re6 20.
Rb1 b6 21. Bd2 a5 22. Rbe1 g6 23. g3 Kg7 24. Kg2 Rfe8 25. f3 Kf6 26. Be3 Bxe3
27. Rxe3 d5 28. Kf2 dxe4 29. fxe4 Ke5 30. Rd1 Rf8+ 31. Ke2 Rd6 32. Rc1 Rfd8 33.
Rc2 c6 34. c4 Rd4 35. a3 Rxe4 36. c5 b5 37. Rxe4+ Kxe4 38. Rc3 Rd5 39. g4 Kd4
40. Kd2 Ke4+ 41. Kc2 Rd4 42. Kb3 Rd3 43. g5 Rxc3+ 44. Kxc3 Kd5 45. a4 Kxc5 46.
Kd3 b4 47. h4 Kd5 48. Kc2 Kd4 0-1

[Event "Junior Online 4NCL Division 1"]
[Site "online"]
[Date "2020.10.15"]
[Round "5.165"]
[White "Pirgon, Joshua"]
[Black "Ratnesan, Radha"]
[Result "1-0"]
[WhiteElo "1637"]
[BlackElo "1705"]
[PlyCount "121"]
[EventDate "2020.10.15"]
[WhiteTeam "Surbiton Juniors A"]
[BlackTeam "KJCA Young Kestrels C"]

1. e4 e6 2. d4 d5 3. Nc3 Bb4 4. e5 c5 5. Qg4 Ne7 6. Bd2 cxd4 7. Qxd4 Nbc6 8.
Bb5 Bxc3 9. Qxc3 O-O 10. Ne2 a6 11. Bd3 Bd7 12. f4 Rc8 13. Qa3 f6 14. exf6 Rxf6
15. O-O Qb6+ 16. Kh1 Ng6 17. Rae1 Rcf8 18. Rf3 e5 19. Bxg6 hxg6 20. Qb3 Qxb3
21. Rxb3 b5 22. a4 bxa4 23. Rb7 Rd8 24. fxe5 Nxe5 25. Bg5 Bb5 26. Ng3 Re8 27.
Bxf6 gxf6 28. Rb6 Rf8 29. b3 axb3 30. cxb3 Kg7 31. h3 Rc8 32. Ne2 Bxe2 33. Rxe2
Ra8 34. Ra2 d4 35. Rd6 d3 36. Kg1 Kf7 37. Kf2 Ke7 38. Raxa6 Rxa6 39. Rxa6 Kd7
40. Ke3 Ke7 41. Ra7+ Ke6 42. Ra4 Kd6 43. Rd4+ Ke6 44. Rxd3 Nxd3 45. Kxd3 Kd5
46. Ke3 g5 47. b4 f5 48. b5 g4 49. hxg4 fxg4 50. Kf4 g3 51. Kxg3 Kc5 52. Kf4
Kxb5 53. Ke5 Kc6 54. g4 Kd7 55. Kf6 Ke8 56. Kg7 Ke7 57. g5 Ke8 58. g6 Ke7 59.
Kh7 Kf8 60. g7+ Kf7 61. g8=Q+ 1-0

[Event "Junior Online 4NCL Division 1"]
[Site "online"]
[Date "2020.10.15"]
[Round "5.166"]
[White "Sanka, Amit Aryan"]
[Black "Morrison, Joseph"]
[Result "0-1"]
[WhiteElo "1682"]
[BlackElo "1532"]
[PlyCount "126"]
[EventDate "2020.10.15"]
[WhiteTeam "KJCA Young Kestrels C"]
[BlackTeam "Surbiton Juniors A"]

1. Nf3 b6 2. e3 Bb7 3. c4 e6 4. Be2 Nf6 5. Nc3 Be7 6. d4 O-O 7. O-O d5 8. b3 c5
9. cxd5 exd5 10. Bb2 Nc6 11. Re1 a6 12. h3 h6 13. Rc1 Qc7 14. Na4 cxd4 15. Nxd4
b5 16. Nxc6 Bxc6 17. Nc3 Qb7 18. Bf3 Rfd8 19. Qe2 Rac8 20. Red1 b4 21. Na4 Bxa4
22. Rxc8 Rxc8 23. bxa4 Ne4 24. Qd3 f5 25. Qd4 Bf6 26. Qxd5+ Qxd5 27. Rxd5 Bxb2
28. Rxf5 Nd2 29. Bd5+ Kh8 30. Bb7 Rc1+ 31. Kh2 Nf1+ 32. Kg1 Nxe3+ 33. Kh2 Nxf5
34. Bxa6 Be5+ 35. g3 Rc2 36. Bd3 Rxf2+ 37. Kg1 Rf3 38. Be4 Nd4 39. a5 Ra3 40.
a6 Rxa6 41. Bb7 Rxa2 42. Bd5 Ra1+ 43. Kg2 b3 44. Bxb3 Bxg3 45. Kxg3 Ra3 46. h4
Rxb3+ 47. Kg4 Rb4 48. h5 Ne6+ 49. Kf5 Rb5+ 50. Kxe6 Rxh5 51. Kf7 Rg5 52. Ke6 h5
53. Kf7 h4 54. Ke6 h3 55. Kd6 h2 56. Ke6 h1=Q 57. Kf7 Qf1+ 58. Ke6 Qf6+ 59. Kd7
Rd5+ 60. Kc7 Qd8+ 61. Kc6 Qd7+ 62. Kb6 Rb5+ 63. Ka6 Qb7# 0-1

[Event "Junior Online 4NCL Division 1"]
[Site "online"]
[Date "2020.10.15"]
[Round "5.167"]
[White "Sturge, Sam"]
[Black "Wang, Yong Gui"]
[Result "0-1"]
[WhiteElo "1607"]
[BlackElo "1592"]
[PlyCount "66"]
[EventDate "2020.10.15"]
[WhiteTeam "Surbiton Juniors A"]
[BlackTeam "KJCA Young Kestrels C"]

1. e4 e5 2. Nf3 Nc6 3. Bc4 Bc5 4. c3 Nf6 5. d3 d6 6. Bb3 h6 7. O-O O-O 8. h3
Be6 9. Bc2 d5 10. exd5 Nxd5 11. Re1 Qf6 12. Nbd2 b5 13. Ne4 Qe7 14. Nxc5 Qxc5
15. Nxe5 Rad8 16. d4 Qb6 17. Qd3 f5 18. Qg3 Nxe5 19. Rxe5 Rf6 20. Bb3 Bf7 21.
Bd2 f4 22. Qf3 c6 23. Rae1 Rf8 24. R1e2 Nc7 25. Bxf7+ R6xf7 26. Re7 Rxe7 27.
Rxe7 Nd5 28. Rd7 Qb8 29. Qh5 Nf6 30. Qg6 Nxd7 31. Qe6+ Rf7 32. Bxf4 Qxf4 33.
Qe8+ Kh7 0-1